000 00305nam a22001337a 4500
008 170619b xxu||||| |||| 00| 0 eng d
020 _a0934540446
041 _aeng
080 _a32
100 _a20
101 _aSHP
245 _aCITIZEN POLITICS IN WESTERN DEMOCRACIES
_cDALTON,R.J
942 _2udc
_cBK
999 _c18110
_d18110